Bones never lie : [a novel] /

When a serial killer previously responsible for a string of kidnappings and murders in Canada resurfaces in the United States, Tempe Brennan is called in to pursue a deadly predator who narrowly evaded capture by Brennan once before.

Bibliographic Details
Main Author: Reichs, Kathy
Corporate Authors: Books on Tape, Inc, Random House Audio Publishing
Other Authors: Borowitz, Katherine (Narrator)
Format: CD Audio Book
Language:English
Published: New York : Books on Tape : Random House Audio, [2014]
Edition:Unabridged.
Series:Reichs, Kathy. Temperance Brennan series.
Subjects:

MARC

Tag First Indicator Second Indicator Subfields
LEADER 00000cim a2200000Ma 4500
001 in00003523517
005 20151206123119.0
007 sd fungnnmmned
008 131204s2014 nyunnnn f n eng d
020 |a 9780804147781 
020 |a 0804147787 
028 0 2 |a DD12023  |b Recorded Books 
035 |a (OCoLC)ocn893035944 
040 |a RECBX  |b eng  |c RECBX  |d OCLCO  |d TXA  |d UtOrBLW 
049 |a TXAM 
050 1 4 |a PS3568.E476345  |b B583 2014b 
082 0 4 |a 813/.54  |2 23 
100 1 |a Reichs, Kathy. 
245 1 0 |a Bones never lie :  |b [a novel] /  |c Kathy Reichs. 
250 |a Unabridged. 
264 1 |a New York :  |b Books on Tape :  |b Random House Audio,  |c [2014] 
264 4 |c ℗2014 
300 |a 9 sound discs (11 hr.) :  |b digital ;  |c 4 3/4 in. 
336 |a spoken word  |b spw  |2 rdacontent 
337 |a audio  |b s  |2 rdamedia 
338 |a audio disc  |b sd  |2 rdacarrier 
490 1 |a Temperance Brennan series 
500 |a Subtitle from container. 
511 0 |a Read by Katherine Borowitz. 
500 |a Compact discs. 
520 |a When a serial killer previously responsible for a string of kidnappings and murders in Canada resurfaces in the United States, Tempe Brennan is called in to pursue a deadly predator who narrowly evaded capture by Brennan once before. 
500 |a Sound recording. 
650 0 |a Brennan, Temperance (Fictitious character)  |v Fiction. 
650 0 |a Women forensic anthropologists  |v Fiction. 
650 0 |a Murder  |x Investigation  |v Fiction. 
650 0 |a Serial murderers  |v Fiction. 
650 0 |a Serial murder investigation  |v Fiction. 
655 7 |a Mystery fiction.  |2 gsafd 
655 7 |a Audiobooks.  |2 lcgft 
700 1 |a Borowitz, Katherine,  |e narrator. 
710 2 |a Books on Tape, Inc. 
710 2 |a Random House Audio Publishing. 
800 1 |a Reichs, Kathy.  |t Temperance Brennan series. 
948 |a cataloged  |b h  |c 2014/11/6  |d c  |e ceaton  |f 2:07:11 pm 
994 |a C0  |b TXA 
999 |a MARS 
999 f f |s d87ecc55-67e7-3e89-9d08-02d26bc28174  |i d305ae2f-9f72-3f8f-a818-536490f743cf  |t 0 
952 f f |p normal  |a Texas A&M University  |b College Station  |c Sterling C. Evans Library  |d Evans: Library Stacks  |t 0  |e PS3568.E476345 B583 2014b  |h Library of Congress classification  |i audio -- audio disc  |m A14842755424 
998 f f |a PS3568.E476345 B583 2014b  |t 0  |l Evans: Library Stacks